Quantitative techniques for managerial decisions /
Guardado en:
| Autor principal: | |
|---|---|
| Formato: | Libro |
| Publicado: |
Prentice-Hall of India :
New Delhi ,
c 2007.
|
| Materias: | |
| Etiquetas: |
Agregar Etiqueta
Sin Etiquetas, Sea el primero en etiquetar este registro!
|
MARC
| LEADER | 00000nam a2200000 4500 | ||
|---|---|---|---|
| 020 | |a 9788120332973 |c TZS 17180.71 | ||
| 040 | |a MUL |b eng |e AACR | ||
| 082 | |a 658.4032 KHA | ||
| 100 | |a Khanna R. B. | ||
| 245 | |a Quantitative techniques for managerial decisions / |c R. B. Khanna | ||
| 260 | |a Prentice-Hall of India : |b New Delhi , |c c 2007. | ||
| 300 | |a xii, 451 p . : |b ill ; |c 24 cm. | ||
| 500 | |a Includes index | ||
| 546 | |a eng | ||
| 650 | |a Decision Support Techniques | ||
| 650 | |a Decision making Mathematical models | ||
| 942 | |c BK | ||
| 999 | |c 5343 |d 5343 | ||